| 000 | 00978nam a2200277Ia 4500 | ||
|---|---|---|---|
| 003 | OSt | ||
| 005 | 20221007123355.0 | ||
| 006 | a|||||r|||| 00| 0 | ||
| 007 | ta | ||
| 008 | 221006b |||||||| |||| 00| 0 eng d | ||
| 020 |
_a9810237588 (hbd) _c _ 86.00 |
||
| 024 | _a10340 | ||
| 037 |
_bN R, _cTextual |
||
| 040 |
_aPAPL _cPAPL _beng |
||
| 041 |
_2eng _aeng |
||
| 082 | _aCN2, P0 | ||
| 100 |
_aKadanoff Leo P _9713418 |
||
| 245 | 0 | _aStatistical phisics: statics, dynamics and renormalization by Leo P Kadanoff | |
| 260 |
_aSingapore _bWorld Scientific _c2000 |
||
| 300 |
_axiii, 483p _ccm. |
||
| 500 | _aIndex 479-483p; ^n23/CSL/CARPA/2002-2003/1014^d2003-03-21^mPurchase; ; 2002-03/665^b2003-01-23^c173/02^d2003-01-21^eRs.3,723.00^fN R Book Distributors; ; 2003-04-09^bSB^c2003-09-03^dS C Jindal | ||
| 650 |
_a Statistical Physics _9713592 |
||
| 650 | _aPhysics | ||
| 942 |
_hCN2, P0 _cTEXL _2CC |
||
| 999 |
_c1211782 _d1211782 |
||